000 00507nam a2200205Ia 4500
003 GCL
008 140319s9999 xx 000 0 eng d
040 _aGCL /
_cGCL
082 0 4 _aCC
_b930.1932
_bP P
100 1 _aPUTNAM, JAMES
245 1 0 _aPYRAMIDES ETERNELLES /
_cPUTNAM, JAMES
260 _aفرنسا :
_bGALLIMARD ،
_c1994
300 _a64 P ؛
_c24 cm.
650 0 4 _aEGYPT
650 0 4 _aANCIENT EGYPT
650 0 4 _aHISTORY
650 0 4 _aEGYPTOLOGY
650 0 4 _aPYRAMIDS
942 _2ddc
_cBK
999 _c15519
_d15519